000 00218 a2200097 4500
001 5988
100 _aKorn, G A
245 _aElectronic analog and hybrid computers
260 _a
_bMcGraw-Hill
_c
090 _c4893
_d4893
942 _aNUST-CAE
_cM
_c31259
999 _c241061
_d241061